| 000 | 00412nam a22001577a 4500 | ||
|---|---|---|---|
| 005 | 20230118105643.0 | ||
| 008 | 190427b xxu||||| |||| 00| 0 eng d | ||
| 041 | _aeng | ||
| 100 | _aGAWANDE, MS VANDANA | ||
| 245 | _aTEXTBOOK OF PHARMACEUTICAL ANALYSIS - I (SEM- II ) | ||
| 250 | _a5TH , ED. 2015 | ||
| 260 |
_aPUNE _bNIRALI PRAKASHAN |
||
| 300 | _a1.2 P, | ||
| 650 |
_aPHARMACY _xD.PHARMA _97090 |
||
| 942 | _cBK | ||
| 999 |
_c5829 _d5827 |
||